书目信息 |
| 题名: |
AIGC平面广告设计与制作标准教程
|
|
| 作者: | 朱亮亮 编著 | |
| 分册: | ||
| 出版信息: | 北京 清华大学出版社 2025.04 |
|
| 页数: | 222页 | |
| 开本: | 26cm | |
| 丛书名: | ||
| 单 册: | ||
| 中图分类: | J524.3-39 | |
| 科图分类: | ||
| 主题词: | 广告--平面设计--计算机辅助设计--图象处理软件--教材 | |
| 电子资源: | ||
| ISBN: | 978-7-302-68072-7 | |
| 000 | 00967nam0 2200253 450 | |
| 001 | 013505250 | |
| 005 | 20251022195657.22 | |
| 010 | @a978-7-302-68072-7@dCNY69.80 | |
| 100 | @a20250319d2025 em y0chiy0120 ea | |
| 101 | 0 | @achi |
| 102 | @aCN@b110000 | |
| 105 | @aa z 000yy | |
| 106 | @ar | |
| 200 | 1 | @aAIGC平面广告设计与制作标准教程@9AIGC ping mian guang gao she ji yu zhi zuo biao zhun jiao cheng@e全彩微课版@f朱亮亮编著 |
| 210 | @a北京@c清华大学出版社@d2025.04 | |
| 215 | @a222页@c彩图@d26cm | |
| 300 | @a清华电脑学堂 | |
| 330 | @a本书共9章,包括平面广告设计基础、平面图像元素的处理、广告图形元素的设计、店内广告海报设计、户外灯箱广告设计、产品包装平面设计、产品宣传画册设计、数字媒体广告设计以及AIGC与平面广告设计。 | |
| 606 | 0 | @a广告@x平面设计@x计算机辅助设计@x图象处理软件@j教材 |
| 610 | 0 | @aAIGC |
| 690 | @aJ524.3-39@v5 | |
| 701 | 0 | @a朱亮亮@9zhu liang liang@4编著 |
| 801 | 0 | @aCN@c20250905 |
| 905 | @a河南城建学院图书馆@dJ524.3@eZ853@ZZ853@f1 | |
| AIGC平面广告设计与制作标准教程:全彩微课版/朱亮亮编著.-北京:清华大学出版社,2025.04 |
| 222页:彩图;26cm |
| 清华电脑学堂 |
| ISBN 978-7-302-68072-7:CNY69.80 |
| 本书共9章,包括平面广告设计基础、平面图像元素的处理、广告图形元素的设计、店内广告海报设计、户外灯箱广告设计、产品包装平面设计、产品宣传画册设计、数字媒体广告设计以及AIGC与平面广告设计。 |
| ● |
| 相关链接 |
|
|
|
正题名:AIGC平面广告设计与制作标准教程
索取号:J524.3/Z853
 
预约/预借
| 序号 | 登录号 | 条形码 | 馆藏地/架位号 | 状态 | 备注 |
| 1 | 1631657 | 216316573 | 社科库309/309社科库 98排2列3层/ [索取号:J524.3/Z853] | 在馆 |